• 首页
  • 本馆介绍
  • 公告通知
  • 最新文献
  • 馆藏检索
  • 电子资源
  • 读者导购
  • 参考咨询
  • 我的图书馆
  • 登录
  • 详细信息显示
  • 放入我的书架
  • 预约/预借图书
  • 作者相关作品
  • 分类相关作品
  • 丛书相关作品
  • 出版社相关作品

书目信息

  • 表格格式
  • 工作单格式
  • 卡片格式
题名:
餐饮营销
    
 
作者: 真喜屋实行 著 ;张永亮 译
分册: 1   创造回头客的35个开关
出版信息: 北京   东方出版社  2019
页数: 178页
开本: 21cm
丛书名: 服务的细节
单 册:
中图分类: F719.3
科图分类:
主题词: 饮食业--yin shi ye--市场营销学
电子资源:
ISBN: 978-7-5207-1259-0
000 01436oam2 2200301 450
001 2153164267
005 20211019145606.32
010    @a978-7-5207-1259-0@dCNY68.00
100    @a20200610d2019 em y0chiy0120 ea
101 1  @achi@cjpn
102    @aCN@b110000
105    @aa z 000yy
106    @ar
200 1  @a餐饮营销@Acan yin ying xiao@h1@i创造回头客的35个开关@f(日)真喜屋实行著@g张永亮译
210    @a北京@c东方出版社@d2019
215    @a178页@c图@d21cm
225 2  @a服务的细节@Afu wu de xi jie@v90
300    @a“十三五”国家重点图书出版规划项目
314    @a真喜屋实行,Hapic股份有限公司董事长。毕业于横滨国立大学经营学系。先后在食品超市OK股份有限公司、餐饮业咨询公司LINK ONE股份有限公司任职。其间,经手过定食餐厅、烤鸡肉串店、居酒屋、猪肉料理店、烤肉店、西餐厅、二手店的业务,担任过店长、经理,连续三年获得优秀社员奖。
330    @a好的店铺——顾客满意的店铺 光顾一下的店铺——顾客本应很满意,却没有成为回头客的店铺 如果做不到将店铺的特点深深地印在顾客心中,并抓住顾客的心,再好的店铺、再努力,顾客也不会成为回头客。本书介绍了可以实实在在创造回头客的35个要点。
461  0 @12001 @a服务的细节
517 1  @a创造回头客的35个开关@Achuang zao hui tou ke de 35ge kai guan
606 0  @a饮食业@Ayin shi ye@x市场营销学
690    @aF719.3@v5
701  0 @c(日)@a真喜屋实行@Azhen xi wu shi hang@4著
702  0 @a张永亮@Azhang yong liang@4译
801  0 @aCN@b百万庄@c20211018
905    @b1311672-75@dF719.3@e1209:1@f4
    
    餐饮营销.1.创造回头客的35个开关/(日)真喜屋实行著/张永亮译.-北京:东方出版社,2019
    178页:图;21cm.-(服务的细节;90)
    “十三五”国家重点图书出版规划项目
    
    ISBN 978-7-5207-1259-0:CNY68.00
    好的店铺——顾客满意的店铺 光顾一下的店铺——顾客本应很满意,却没有成为回头客的店铺 如果做不到将店铺的特点深深地印在顾客心中,并抓住顾客的心,再好的店铺、再努力,顾客也不会成为回头客。本书介绍了可以实实在在创造回头客的35个要点。
●
相关链接 在E读中查询图书 在五车中查询图书 在当当中查询图书 在豆瓣中查询图书


正题名:餐饮营销     索取号:F719.3/1209:1         预约/预借

序号 登录号 条形码 馆藏地/架位号 状态 备注
1 1311672   213116723   第一样本阅览室/ [索取号:F719.3/1209:1] 在馆    
2 1311673   213116732   第一借阅区/ [索取号:F719.3/1209:1] 在馆    
3 1311674   213116741   第一借阅区/ [索取号:F719.3/1209:1] 在馆    
4 1311675   213116750   第一借阅区/ [索取号:F719.3/1209:1] 在馆    
唐山师范学院图书馆 欢迎您!
大连网信软件有限公司© 版权所有